000 00327nam a2200145 4500
999 _c10839
_d10839
020 _a817319727X
020 _a978-8173197277
082 _a658.477MAH
100 _aMahanti, N C
245 _aDisaster Management
260 _aNew Delhi:
_bNarosa,
_c2006.
300 _a187p. ;
650 _aDisaster Management
942 _cBK